[Event "Bundesliga 9899"]
[Site "Germany"]
[Date "1998.10.17"]
[Round "1.4"]
[White "Vaganian, Rafael A"]
[Black "Gallagher, Joseph G"]
[Result "1-0"]
[WhiteElo "2630"]
[BlackElo "2490"]
[PlyCount "234"]
[EventDate "1998.10.17"]
[Source "ChessBase"]
[SourceDate "1999.07.01"]

1. Nf3 Nf6 2. c4 g6 3. g3 Bg7 4. Bg2 O-O 5. O-O d6 6. d4 Nbd7 7. Nc3 e5 8. h3 a6 9. dxe5 dxe5 10. Be3 Qe7 11. Qc1 c6 12. Rd1 Nh5 13. g4 Nf4 14. Bxf4 exf4 15. Qxf4 Nc5 16. e4 Be6 17. e5 f6 18. exf6 Bxf6 19. Qe3 Bxc4 20. Qxe7 Bxe7 21. Ne5 Be6 22. b4 Bf6 23. f4 Nd7 24. Nxd7 Bxc3 25. Nxf8 Rxf8 26. Rac1 Bxb4 27. Rd4 c5 28. Rd6 Bxa2 29. Bxb7 Rxf4 30. Rxa6 Bf7 31. Rd6 c4 32. Rd7 c3 33. Kg2 Be6 34. Bd5 Bxd5+ 35. Rxd5 Rc4 36. Rc2 Rc7 37. Rd3 Kg7 38. Kf3 Re7 39. Rd4 Ba3 40. Re4 Rc7 41. Ke2 Be7 42. Kd3 Bf6 43. Rf2 Rd7+ 44. Kc2 Rb7 45. Ree2 Bd4 46. Rf1 Bf6 47. Rf4 Rb2+ 48. Kd3 Rb5 49. Ref2 Rb6 50. Rc4 Rd6+ 51. Kc2 Rd7 52. Rc6 Bd4 53. Rf3 Be5 54. Rf2 Rb7 55. Re2 Bf6 56. Rd6 Ra7 57. Rd5 Kh6 58. Rd6 Kg7 59. Kd3 Rc7 60. Rd5 Kh6 61. Rf2 Bh4 62. Rf1 Bg5 63. Kc2 Bd2 64. Rf6 Re7 65. Rc6 Be1 66. Rh5+ Kg7 67. Rhc5 Rf7 68. Rc7 h6 69. Rxf7+ Kxf7 70. Rc6 Bd2 71. Kd3 h5 72. gxh5 gxh5 73. Ke4 Ke7 74. Ke5 Kd7 75. Rc4 Ke7 76. Kf5 Kd6 77. Ke4 Ke6 78. Rc6+ Kd7 79. Kd5 Ke7 80. Rc5 Kf6 81. Ke4 Kg6 82. Kf3 Kf6 83. Ke2 Kg6 84. Kd3 Kh6 85. Rf5 Kg6 86. Rd5 Kh6 87. Rc5 h4 88. Ke4 Kg6 89. Ke5 Kg5 90. Rc4 Kg6 91. Rc8 Kf7 92. Kf5 Ke7 93. Rc4 Kd6 94. Ke4 Be1 95. Kd3 Bd2 96. Rxh4 Ke5 97. Rc4 Kf5 98. Ke2 Kg5 99. Kf3 Kh5 100. Rc8 Kg5 101. Rg8+ Kh4 102. Rh8+ Kg5 103. h4+ Kg6 104. Rc8 Kh5 105. Kg3 Be1+ 106. Kh3 Bd2 107. Rc5+ Kg6 108. Kg4 Kf6 109. h5 Kg7 110. Rc7+ Kh6 111. Rc6+ Kh7 112. Kf5 Be1 113. Rc4 Bd2 114. Rc8 Be1 115. Kf6 Bd2 116. h6 Bxh6 117. Rc7+ Kh8 1-0

[Event "Benasque"]
[Site "Benasque"]
[Date "1995.??.??"]
[Round "5"]
[White "Andersson, Ulf"]
[Black "Comas Fabrego, Luis"]
[Result "1-0"]
[WhiteElo "2630"]
[BlackElo "2490"]
[PlyCount "121"]
[EventDate "1995.07.??"]
[Source "ChessBase"]

1. Nf3 Nf6 2. c4 g6 3. g3 Bg7 4. Bg2 O-O 5. O-O d6 6. Nc3 e5 7. d4 Nbd7 8. b3 Re8 9. e3 a6 10. Ba3 exd4 11. Nxd4 Rb8 12. Bb2 c6 13. Re1 h5 14. h3 Nc5 15. Qc2 Qe7 16. Rad1 Nce4 17. Nxe4 Nxe4 18. Nf3 Bxb2 19. Qxb2 b5 20. Nd2 Nxd2 21. Qxd2 bxc4 22. bxc4 Rd8 23. Qc3 Be6 24. Kh2 d5 25. cxd5 Bxd5 26. Bxd5 cxd5 27. Rd4 Rdc8 28. Qd2 Qf6 29. Kg2 Rc4 30. Rd1 Kg7 31. Qe2 Rxd4 32. Rxd4 Rb5 33. Qc2 Qb6 34. Qc3 Qa5 35. Qa1 Kg8 36. Rf4 Qb6 37. Qe5 Qb7 38. Rd4 Rb6 39. e4 Re6 40. Qxd5 Qb2 41. Rd2 Qe5 42. Rd4 Kg7 43. Qxe5+ Rxe5 44. Ra4 a5 45. Kf3 f5 46. Kf4 Kf6 47. f3 fxe4 48. fxe4 Rc5 49. h4 Ke6 50. Ra3 Kf6 51. Rb3 Rc2 52. e5+ Kf7 53. Rb7+ Ke6 54. Rb6+ Kf7 55. Rf6+ Ke7 56. Rxg6 Rxa2 57. Ra6 Ra3 58. Rh6 Ra4+ 59. Kf5 Rg4 60. Rh7+ Ke8 61. Kf6 1-0

[Event "Najdorf"]
[Site "Buenos Aires"]
[Date "1997.??.??"]
[Round "9"]
[White "Campora, Daniel Hugo"]
[Black "Sutovsky, Emil"]
[Result "0-1"]
[WhiteElo "2555"]
[BlackElo "2560"]
[PlyCount "79"]
[EventDate "1997.05.19"]
[Source "ChessBase"]
[SourceDate "1997.10.13"]

1. Nf3 Nf6 2. g3 g6 3. Bg2 Bg7 4. O-O O-O 5. c4 d6 6. d4 Nbd7 7. Nc3 e5 8. Qc2 Qe7 9. b3 Re8 10. dxe5 dxe5 11. e4 c6 12. Bb2 Nc5 13. Ba3 Nfd7 14. Rad1 Qf6 15. Ne2 Ne6 16. Ne1 g5 17. Nd3 Qg6 18. Kh1 g4 19. Ne1 Nf6 20. Bc1 h5 21. f3 gxf3 22. Bxf3 Nc5 23. Nc3 Bg4 24. Qg2 Rad8 25. Rxd8 Rxd8 26. Be3 Bf8 27. h3 Bxf3 28. Nxf3 Nfxe4 29. Nxe5 Nxg3+ 30. Kg1 Qg7 31. Rf3 h4 32. Nxf7 Rd3 33. Nh6+ Kh8 34. Bg5 Rxf3 35. Qxf3 Kh7 36. Qf7 Ne6 37. Qxe6 Qxg5 38. Qf7+ Bg7 39. Ng4 Qc1+ 40. Kg2 0-1

[Event "Liechtenstein"]
[Site "?"]
[Date "1995.??.??"]
[Round "?"]
[White "Eingorn, V."]
[Black "Howell, J."]
[Result "1-0"]
[WhiteElo "2595"]
[BlackElo "2520"]
[PlyCount "75"]
[EventDate "1995.??.??"]
[Source "ChessBase"]
[SourceDate "1995.06.01"]

1. c4 g6 2. Nf3 Bg7 3. d4 Nf6 4. g3 O-O 5. Bg2 d6 6. Nc3 Nbd7 7. O-O e5 8. b3 c6 9. e4 Qb6 10. d5 Nc5 11. Be3 cxd5 12. Nxd5 Nxd5 13. cxd5 Qa6 14. Qc2 Bd7 15. Bxc5 Rfc8 16. b4 b6 17. a4 bxc5 18. b5 Qa5 19. Nd2 c4 20. Nxc4 Qb4 21. Rfc1 Bh6 22. Qc3 Qc5 23. Rc2 Rc7 24. Rd1 Bg4 25. Rb1 Rac8 26. Bf1 Bd7 27. Qb2 f5 28. a5 fxe4 29. b6 axb6 30. axb6 Rb7 31. Ne3 Qa5 32. Rxc8+ Bxc8 33. Qc1 Bd7 34. Nc4 Qa2 35. Ra1 Bxc1 36. Rxa2 Rb8 37. Ra7 Bb5 38. b7 1-0

[Event "Griesheim GM"]
[Site "Griesheim"]
[Date "2002.01.31"]
[Round "9"]
[White "Ruck, Robert"]
[Black "Schmaltz, Roland"]
[Result "1/2-1/2"]
[WhiteElo "2581"]
[BlackElo "2534"]
[PlyCount "139"]
[EventDate "2002.01.23"]
[Source "ChessBase"]
[SourceDate "2002.03.21"]

1. Nf3 g6 2. c4 Bg7 3. d4 Nf6 4. g3 O-O 5. Bg2 d6 6. Nc3 Nbd7 7. O-O e5 8. h3 exd4 9. Nxd4 Re8 10. e4 Nc5 11. Re1 Bd7 12. Rb1 h6 13. Kh2 a5 14. b3 c6 15. Bf4 Qc7 16. a3 Nh5 17. Be3 Nf6 18. Qc2 h5 19. b4 axb4 20. axb4 Ne6 21. Nf3 Nf8 22. c5 d5 23. Bf4 Qd8 24. Rbd1 Nxe4 25. Nxe4 Rxe4 26. Rxe4 dxe4 27. Ne5 Qe8 28. Nxd7 Nxd7 29. Bxe4 h4 30. gxh4 Be5 31. Bg3 Qe6 32. Rd2 f5 33. Bd3 Bxg3+ 34. fxg3 Ne5 35. Be2 Ra3 36. Rd6 Qb3 37. Rxg6+ Kh7 38. Qxb3 Rxb3 39. Re6 Re3 40. Rxe5 Rxe5 41. Bd3 Rd5 42. Bc4 Rd2+ 43. Kg1 Kg6 44. Be6 Rb2 45. Bc8 Rxb4 46. Kf2 Rb3 47. Kg2 Kf6 48. g4 f4 49. h5 Kg5 50. h4+ Kxh4 51. h6 Rb2+ 52. Kf3 Kg5 53. h7 Rh2 54. Bf5 Rh3+ 55. Kg2 Rh6 56. Kf2 Kf6 57. Kf3 Ke5 58. g5 Rh4 59. g6 Kf6 60. Ke4 Kg7 61. Kf3 Rh1 62. Kxf4 Rc1 63. Bc8 Rxc5 64. Bxb7 Rc1 65. Ke3 c5 66. Bd5 Rd1 67. Bf7 Rd8 68. Ke4 Rd2 69. Ke3 Rd4 70. Bg8 1/2-1/2

[Event "Helsinki"]
[Site "?"]
[Date "1992.??.??"]
[Round "?"]
[White "Kharitonov, A."]
[Black "Gulko, B."]
[Result "1/2-1/2"]
[WhiteElo "2505"]
[BlackElo "2610"]
[PlyCount "41"]
[EventDate "1992.??.??"]
[Source "ChessBase"]
[SourceDate "1992.10.01"]

1. d4 d6 2. Nf3 g6 3. c4 Bg7 4. Nc3 Nd7 5. g3 e5 6. Bg2 Ngf6 7. O-O O-O 8. h3 exd4 9. Nxd4 Nb6 10. b3 c5 11. Nc2 Be6 12. Bb2 d5 13. Nxd5 Nfxd5 14. Bxg7 Kxg7 15. cxd5 Bxd5 16. e4 Bc6 17. Ne3 Qxd1 18. Rfxd1 Rad8 19. e5 Bxg2 20. Kxg2 f6 21. exf6+ 1/2-1/2

[Event "London MSO Masters"]
[Site "London"]
[Date "1999.08.27"]
[Round "7"]
[White "Baburin, Alexander"]
[Black "Gallagher, Joseph G"]
[Result "1-0"]
[WhiteElo "2593"]
[BlackElo "2521"]
[PlyCount "97"]
[EventDate "1999.08.21"]
[Source "www.chesslib.no"]
[SourceDate "2004.05.04"]

1. d4 Nf6 2. c4 g6 3. Nf3 Bg7 4. g3 O-O 5. Bg2 d6 6. O-O Nbd7 7. Nc3 e5 8. h3 a6 9. b3 exd4 10. Nxd4 Rb8 11. Bb2 Re8 12. Re1 Ne5 13. e4 Bd7 14. f4 Nc6 15. Nc2 b5 16. cxb5 axb5 17. b4 Nh5 18. Kh2 Ne5 19. Ne3 Nc4 20. Nxc4 bxc4 21. a3 c5 22. Qxd6 cxb4 23. axb4 Bxh3 24. Qxd8 Rexd8 25. Red1 Bxg2 26. Kxg2 Re8 27. Ra4 Bxc3 28. Bxc3 Rxe4 29. Be5 Rc8 30. Kf3 f5 31. g4 Nxf4 32. Bxf4 c3 33. gxf5 c2 34. Rc1 Rcc4 35. Bd6 Red4 36. Bc5 Rf4+ 37. Ke3 gxf5 38. Rxc2 Rce4+ 39. Kd2 Kf7 40. Be3 Rg4 41. Rc7+ Re7 42. Raa7 Rxc7 43. Rxc7+ Ke6 44. b5 f4 45. Bf2 f3 46. b6 Rb4 47. Kc3 Rb1 48. Rxh7 Kd5 49. Rf7 1-0

[Event "GER CupT"]
[Site "Forchheim"]
[Date "2000.03.19"]
[Round "2"]
[White "Vaganian, Rafael A"]
[Black "Kveinys, Aloyzas"]
[Result "1-0"]
[WhiteElo "2618"]
[BlackElo "2496"]
[PlyCount "87"]
[EventDate "2000.03.18"]
[Source "ChessBase"]
[SourceDate "2000.05.31"]

1. Nf3 Nf6 2. c4 g6 3. g3 Bg7 4. Bg2 O-O 5. d4 d6 6. O-O Nbd7 7. Nc3 e5 8. e3 Re8 9. a4 a5 10. b3 exd4 11. exd4 Ne4 12. Nxe4 Rxe4 13. Bg5 Bf6 14. Qd2 c6 15. h4 Bxg5 16. Nxg5 Re8 17. Rae1 Rxe1 18. Rxe1 Nf6 19. d5 c5 20. Qf4 Bf5 21. Be4 Nxe4 22. Nxe4 Bxe4 23. Rxe4 h5 24. Qe3 Kf8 25. Qc3 Kg8 26. Kh2 b6 27. Kg2 Rb8 28. Kf1 Ra8 29. Kg2 Rb8 30. Qe3 Kf8 31. g4 hxg4 32. Rxg4 Qd7 33. Qg3 Kg7 34. Qc3+ Kg8 35. Qf3 Re8 36. h5 Kg7 37. hxg6 fxg6 38. Qc3+ Re5 39. Rg5 Kh6 40. Rxe5 dxe5 41. Qh3+ Qxh3+ 42. Kxh3 Kg5 43. f3 Kf5 44. Kh4 1-0

[Event "Petrosian Mem Open"]
[Site "Yerevan"]
[Date "2004.11.21"]
[Round "3"]
[White "Khurtsidze, Nino"]
[Black "Ivanchuk, Vassily"]
[Result "1/2-1/2"]
[WhiteElo "2399"]
[BlackElo "2705"]
[PlyCount "82"]
[EventDate "2004.11.18"]
[Source "Roberto Alvarez"]
[SourceDate "2004.11.29"]

1. d4 Nf6 2. c4 g6 3. Nf3 Bg7 4. g3 O-O 5. Bg2 d6 6. O-O Nbd7 7. Nc3 e5 8. h3 exd4 9. Nxd4 Nb6 10. b3 d5 11. Ba3 Re8 12. c5 Nbd7 13. c6 Ne5 14. cxb7 Bxb7 15. Rc1 Rc8 16. Na4 Ne4 17. Nc5 Nxc5 18. Bxc5 Nd7 19. Qc2 Nxc5 20. Qxc5 Qd7 21. Rc2 c6 22. b4 Bf8 23. Qa5 Qc7 24. Qxc7 Rxc7 25. Bxd5 Rd8 26. e4 Bxb4 27. Nxc6 Bxc6 28. Rxc6 Rxc6 29. Bxc6 Rd2 30. Bd5 Bc5 31. Kg2 h5 32. h4 Kf8 33. Bb3 Ke7 34. Kf3 Bd4 35. Kg2 a5 36. Kf3 f6 37. Kg2 g5 38. hxg5 fxg5 39. e5 Bxe5 40. Rd1 Rxd1 41. Bxd1 h4 1/2-1/2

[Event "Mind Sports Games - Rapid Pair"]
[Site "Pechino CINA"]
[Date "2008.10.10"]
[Round "6"]
[White "Banikas, H."]
[Black "Matamoros Franco, C."]
[Result "1/2-1/2"]
[WhiteElo "2572"]
[BlackElo "2525"]
[PlyCount "35"]
[EventDate "2008.10.09"]
[Source "www.chesslib.no"]
[SourceDate "2004.05.04"]

1. Nf3 Nf6 2. c4 g6 3. g3 Bg7 4. Bg2 O-O 5. O-O d6 6. d4 Nbd7 7. Nc3 e5 8. e3 c6 9. b3 Re8 10. a4 exd4 11. exd4 d5 12. cxd5 Nxd5 13. Nxd5 cxd5 14. Bg5 Nf6 15. b4 h6 16. Bf4 Ne4 17. Qb3 Be6 18. Rac1 1/2-1/2

[Event "Bundesliga 2007-8"]
[Site "Tegernsee GER"]
[Date "2007.11.24"]
[Round "3"]
[White "Braun, A."]
[Black "Czarnota, P."]
[Result "1-0"]
[WhiteElo "2541"]
[BlackElo "2554"]
[PlyCount "51"]
[EventDate "2007.10.19"]
[Source "www.chesslib.no"]
[SourceDate "2004.05.04"]

1. d4 Nf6 2. Nf3 g6 3. g3 Bg7 4. c4 O-O 5. Bg2 d6 6. O-O Nbd7 7. Nc3 e5 8. e3 Re8 9. Ne1 e4 10. f3 exf3 11. Qxf3 Qe7 12. Nc2 Nb6 13. e4 h6 14. b3 c5 15. Ba3 cxd4 16. Nb5 Nxe4 17. Rae1 Ng5 18. Qf2 Be6 19. h4 Nh7 20. Nxd6 Red8 21. Nf5 Qd7 22. Nxg7 Kxg7 23. Nxd4 Re8 24. Bb2 f6 25. c5 Nd5 26. Nxe6+ 1-0

[Event "BL 0607 SC Remagen - TV Tegernsee"]
[Site "Germania"]
[Date "2006.12.09"]
[Round "5.4"]
[White "Bauer, Christian"]
[Black "Bromberger, Stefan"]
[Result "1-0"]
[WhiteElo "2589"]
[BlackElo "2505"]
[PlyCount "55"]
[EventDate "2006.10.28"]
[Source "www.chesslib.no"]
[SourceDate "2004.05.04"]

1. d4 Nf6 2. Nf3 g6 3. c4 Bg7 4. g3 O-O 5. Bg2 d6 6. Nc3 Nbd7 7. O-O e5 8. e3 Re8 9. b3 c6 10. a4 a6 11. Ra2 Qa5 12. Bd2 Qc7 13. a5 Nf8 14. e4 exd4 15. Nxd4 Bg4 16. Nde2 d5 17. Bf4 Qd7 18. exd5 cxd5 19. Nxd5 Nxd5 20. Bxd5 Ne6 21. Be3 Rad8 22. Bb6 Ng5 23. Bxd8 Rxd8 24. Qd3 Bf3 25. Nf4 Qg4 26. h3 Nxh3+ 27. Nxh3 Bxd5 28. Nf4 1-0

[Event "Hastings"]
[Site "Hastings"]
[Date "2002.01.03"]
[Round "6"]
[White "Barsov, Alexei"]
[Black "Hebden, Mark"]
[Result "1/2-1/2"]
[WhiteElo "2525"]
[BlackElo "2567"]
[PlyCount "31"]
[EventDate "2001.12.29"]
[Source "ChessBase"]
[SourceDate "2002.03.21"]

1. d4 Nf6 2. Nf3 g6 3. c4 Bg7 4. g3 O-O 5. Bg2 d6 6. O-O Nbd7 7. Qc2 e5 8. Rd1 Re8 9. Nc3 c6 10. Bg5 Qa5 11. Qd2 Qa6 12. b3 e4 13. Ne1 b5 14. cxb5 cxb5 15. Nc2 Qb6 16. Be3 1/2-1/2

[Event "Cup Russia"]
[Site "Serpukhov RUS"]
[Date "2007.11.06"]
[Round "1.2"]
[White "Askarov, M."]
[Black "Vorobiov, E."]
[Result "1-0"]
[WhiteElo "2516"]
[BlackElo "2575"]
[PlyCount "63"]
[EventDate "2007.11.05"]
[Source "www.chesslib.no"]
[SourceDate "2004.05.04"]

1. d4 Nf6 2. c4 d6 3. g3 g6 4. Bg2 Bg7 5. Nf3 O-O 6. O-O Nbd7 7. Nc3 e5 8. b3 Re8 9. e3 c6 10. Bb2 Qc7 11. Rc1 Nf8 12. b4 e4 13. Nd2 Bf5 14. d5 h5 15. Qa4 a5 16. b5 c5 17. b6 Qxb6 18. Rb1 Qc7 19. Qc2 Qe7 20. Nb5 N8h7 21. Bc3 Qd7 22. Qb2 Re7 23. h4 b6 24. Rbe1 Rb8 25. f3 exf3 26. Rxf3 Ne8 27. Bxg7 Nxg7 28. e4 Bg4 29. Rf2 Re5 30. Ref1 f5 31. exf5 gxf5 32. Ne4 1-0

[Event "4th IECC"]
[Site "Istanbul"]
[Date "2003.06.07"]
[Round "8"]
[White "Dizdarevic, Emir"]
[Black "Efimenko, Zahar"]
[Result "1/2-1/2"]
[WhiteElo "2491"]
[BlackElo "2599"]
[PlyCount "35"]
[EventDate "2003.05.30"]
[Source "Roberto Alvarez"]
[SourceDate "2003.06.23"]

1. Nf3 Nf6 2. c4 g6 3. g3 Bg7 4. Bg2 O-O 5. O-O d6 6. d4 Nbd7 7. Nc3 e5 8. Bh3 a6 9. dxe5 dxe5 10. Be3 c6 11. Nd2 Qe7 12. Na4 Rb8 13. Qc2 b5 14. cxb5 axb5 15. Bc5 Nxc5 16. Nxc5 Bf5 17. e4 Be6 18. Nxe6 1/2-1/2

[Event "FRA-ch Haute"]
[Site "Vichy"]
[Date "2000.08.25"]
[Round "10"]
[White "Bauer, Christian"]
[Black "Nataf, Igor Alexandre"]
[Result "1/2-1/2"]
[WhiteElo "2562"]
[BlackElo "2526"]
[PlyCount "153"]
[EventDate "2000.08.15"]
[Source "ChessBase"]
[SourceDate "2000.11.21"]

1. g3 g6 2. Bg2 Bg7 3. c4 Nf6 4. Nc3 O-O 5. d4 d6 6. Nf3 Nbd7 7. O-O e5 8. h3 exd4 9. Qxd4 h6 10. Be3 Nc5 11. Qd2 Nfe4 12. Nxe4 Nxe4 13. Qc1 Kh7 14. Rd1 Bd7 15. Bd4 Nf6 16. b3 Re8 17. Qb2 Bc6 18. Re1 Be4 19. Rad1 Qe7 20. Bc3 a6 21. Rd4 Bh8 22. a4 c5 23. Rdd1 b5 24. axb5 axb5 25. cxb5 Rab8 26. Qd2 Rxb5 27. Qxd6 Rxb3 28. Qxe7 Rxe7 29. Bxf6 Bxf6 30. Nd2 Bxg2 31. Nxb3 Bxh3 32. Rc1 c4 33. Rxc4 Be6 34. Rc6 Kg7 35. Nd2 Rd7 36. Ne4 Be7 37. Nc5 Bxc5 38. Rxc5 Kf6 39. Rec1 Rd2 40. R5c2 Rd4 41. f3 h5 42. Kf2 Rd8 43. Rc6 Rd4 44. R1c5 Rd2 45. Rc2 Rd4 46. e4 Rd3 47. f4 Ra3 48. R2c5 Ra2+ 49. Ke3 Ra3+ 50. Rc3 Ra4 51. Rb6 Ra1 52. Rb2 Re1+ 53. Re2 Rg1 54. Kf2 Ra1 55. Rb2 Rh1 56. Rb6 Rh2+ 57. Ke3 Rg2 58. Kf3 Ra2 59. Rbc6 Ra5 60. Ke3 Ra4 61. Rc2 Ra3+ 62. R6c3 Ra1 63. Rf2 Ra5 64. Kd3 Ra4 65. Rc6 Ra3+ 66. Kd2 Ra2+ 67. Ke1 Ra4 68. Re2 Ra1+ 69. Kf2 Ra4 70. Rd6 Ra3 71. Red2 Ra4 72. Ke3 Ra3+ 73. R6d3 Ra4 74. Rf2 Ra5 75. Rc3 Rb5 76. Ra3 Bc8 77. Kd4 1/2-1/2

[Event "Chalapathi GM"]
[Site "Guntur, AP"]
[Date "2000.04.06"]
[Round "4"]
[White "Ibragimov, Ildar"]
[Black "Thipsay, Praveen Mahadeo"]
[Result "1/2-1/2"]
[WhiteElo "2611"]
[BlackElo "2475"]
[PlyCount "56"]
[EventDate "2000.04.03"]
[Source "ChessBase"]
[SourceDate "2000.07.27"]

1. Nf3 Nf6 2. c4 g6 3. g3 Bg7 4. Bg2 O-O 5. O-O d6 6. d4 Nbd7 7. Nc3 e5 8. e3 Re8 9. b3 c6 10. a4 exd4 11. exd4 Nf8 12. a5 a6 13. Bb2 Bf5 14. Nh4 Bg4 15. Qd2 Qd7 16. Rfe1 Bh3 17. d5 Bxg2 18. Nxg2 Rxe1+ 19. Rxe1 Re8 20. Rxe8 Nxe8 21. Ne3 c5 22. Na4 Bxb2 23. Qxb2 h5 24. h4 Nh7 25. Nb6 Qe7 26. b4 cxb4 27. Qxb4 Nhf6 28. Qe1 Qe4 1/2-1/2

[Event "IV Open"]
[Site "Calvia ESP"]
[Date "2007.10.22"]
[Round "8"]
[White "Strikovic, A."]
[Black "Movsziszian, K."]
[Result "1-0"]
[WhiteElo "2551"]
[BlackElo "2531"]
[PlyCount "77"]
[EventDate "2007.10.15"]
[Source "www.chesslib.no"]
[SourceDate "2004.05.04"]

1. Nf3 Nf6 2. c4 g6 3. g3 Bg7 4. Bg2 O-O 5. O-O d6 6. d4 Nbd7 7. Nc3 e5 8. Qc2 exd4 9. Nxd4 Nb6 10. Qd3 Nfd7 11. b3 Nc5 12. Qd2 a5 13. Rb1 c6 14. Rd1 Qe7 15. e4 Re8 16. h3 a4 17. Bb2 Ra6 18. Qc2 axb3 19. axb3 f5 20. b4 Nxe4 21. Nxe4 fxe4 22. b5 cxb5 23. Nxb5 e3 24. Nxd6 e2 25. Re1 Qxd6 26. c5 Qe6 27. Bxg7 Kxg7 28. cxb6 Re7 29. Rb2 Ra1 30. Rxa1 e1=Q+ 31. Rxe1 Qxe1+ 32. Kh2 Bf5 33. Qc5 h5 34. Rd2 Rf7 35. Rd8 Qe7 36. Qxe7 Rxe7 37. Rb8 Re2 38. Rxb7+ Kf6 39. Rb8 1-0

[Event "Mind Sports Games - Blitz Pair"]
[Site "Pechino CINA"]
[Date "2008.10.08"]
[Round "6"]
[White "Adianto, U."]
[Black "Paragua, M."]
[Result "1-0"]
[WhiteElo "2554"]
[BlackElo "2526"]
[PlyCount "77"]
[EventDate "2008.10.08"]
[Source "www.chesslib.no"]
[SourceDate "2004.05.04"]

1. d4 Nf6 2. Nf3 g6 3. g3 Bg7 4. Bg2 O-O 5. O-O d6 6. c4 Nbd7 7. Nc3 e5 8. h3 exd4 9. Nxd4 Re8 10. e4 a6 11. Re1 Rb8 12. Bf4 Ne5 13. Qe2 Bd7 14. Rad1 Qc8 15. Kh2 Nc6 16. Nxc6 Bxc6 17. Nd5 Bxd5 18. cxd5 Qd7 19. Qc2 Re7 20. Bg5 Rbe8 21. h4 Ng4+ 22. Kg1 f6 23. Bc1 f5 24. f3 Nf6 25. Bh3 Nh5 26. Qf2 Qa4 27. b3 Qb4 28. Kg2 Rf8 29. exf5 Rxe1 30. Qxe1 Qxe1 31. Rxe1 gxf5 32. Re7 f4 33. Be6+ Kh8 34. g4 Ng3 35. Bxf4 Rxf4 36. Kxg3 Be5 37. Kg2 Rd4 38. g5 Rxh4 39. Re8+ 1-0

[Event "JUG Ch"]
[Site "Kladovo"]
[Date "1991.??.??"]
[Round "13"]
[White "Kurajica, Bojan"]
[Black "Damljanovic, Branko"]
[Result "0-1"]
[WhiteElo "2520"]
[BlackElo "2560"]
[PlyCount "170"]
[EventDate "1991.02.??"]
[Source "www.chesslib.no"]
[SourceDate "2004.05.04"]

1. Nf3 Nf6 2. c4 g6 3. g3 Bg7 4. Bg2 O-O 5. O-O d6 6. Nc3 e5 7. d4 Nbd7 8. h3 Re8 9. dxe5 dxe5 10. Be3 Qe7 11. Nd2 Rd8 12. Qb3 c6 13. Rad1 Nf8 14. Qa4 Ne6 15. b4 Nd4 16. Nb3 Be6 17. Bxd4 exd4 18. Nxd4 Bxc4 19. b5 cxb5 20. Ndxb5 Rxd1 21. Rxd1 Be6 22. Nd4 Bd7 23. Qb3 Rc8 24. e3 b6 25. Ncb5 Be8 26. Qa4 a5 27. Qb3 Bf8 28. a3 Ne4 29. Qd3 Nc5 30. Qc4 Qd7 31. Rc1 Bg7 32. Qd5 Qe7 33. Qd6 Qd8 34. Rb1 Na4 35. Qxd8 Rxd8 36. Nc7 Bd7 37. Nd5 Bxd4 38. exd4 Be6 39. Ne7+ Kf8 40. Nc6 Rd6 41. Rc1 f6 42. Bf1 Nb2 43. Na7 Rxd4 44. Rc6 Kf7 45. Rxb6 Rd1 46. Rb7+ Kg8 47. Rb8+ Kg7 48. Rb7+ Kh6 49. Rxb2 Bxh3 50. Nc6 Bxf1 51. Kh2 Bc4 52. g4 Kg5 53. Nxa5 Bd5 54. Rb4 Kh4 55. g5+ Kxg5 56. Nc4 Bc6 57. Ne3 Rh1+ 58. Kg3 Rg1+ 59. Kh2 Ra1 60. Rc4 Ba8 61. Ra4 Bc6 62. Rc4 Bh1 63. Rg4+ Kh5 64. Rg1 Rxg1 65. Kxg1 Bc6 66. Nc4 Kg4 67. Nb6 Kf5 68. a4 Ke6 69. Kh2 Kd6 70. Kg3 Kc5 71. a5 Bb5 72. Nc8 Kd5 73. Kh4 Ke6 74. Nb6 h6 75. f4 g5+ 76. Kg3 h5 77. Na8 Kd6 78. Nb6 h4+ 79. Kg4 Be2+ 80. Kh3 Bf1+ 81. Kh2 g4 82. Na4 Kd5 83. Kg1 Ba6 84. Kf2 Kd4 85. Nb6 Bb7 0-1

[Event "Elista ol (Men)"]
[Site "Elista"]
[Date "1998.10.11"]
[Round "12"]
[White "Brestian, Egon"]
[Black "Beliavsky, Alexander G"]
[Result "0-1"]
[WhiteElo "2430"]
[BlackElo "2645"]
[PlyCount "126"]
[EventDate "1998.09.29"]
[Source "ChessBase"]
[SourceDate "1998.11.06"]

1. d4 Nf6 2. Nf3 g6 3. c4 Bg7 4. g3 O-O 5. Bg2 d6 6. O-O Nbd7 7. Nc3 e5 8. d5 a5 9. b3 Nc5 10. Bb2 Nfd7 11. a3 Nb6 12. Nd2 Bd7 13. Rb1 f5 14. b4 Nca4 15. Nxa4 Nxa4 16. Ba1 axb4 17. axb4 b6 18. Nb3 Qe7 19. e3 h5 20. Qe2 h4 21. Rfc1 Rab8 22. c5 bxc5 23. bxc5 dxc5 24. Na5 hxg3 25. hxg3 e4 26. Rxb8 Rxb8 27. Nc6 Bxc6 28. dxc6 Rb4 29. Bf1 Bxa1 30. Rxa1 c4 31. Qd2 Nb6 32. Ra7 Kf7 33. Qd4 Ke6 34. Bh3 Qd6 35. Qxe4+ Qe5 36. Qh4 Rb1+ 37. Kh2 Rb2 38. Qd8 Rxf2+ 39. Bg2 Qe4 40. Qe8+ Kd6 41. Qf8+ Kxc6 42. Qe8+ Kc5 43. Ra5+ Kd6 44. Qxg6+ Kd7 45. Qh7+ Kc6 46. Qh3 c3 47. Kg1 Rxg2+ 48. Qxg2 Nc4 49. Qxe4+ fxe4 50. Ra1 Kc5 51. g4 Ne5 52. g5 Kc4 53. Kf2 c2 54. Kg3 Kd3 55. Kf4 Ng6+ 56. Kf5 Nf8 57. Rc1 c5 58. Ke5 c4 59. Rh1 Kxe3 60. Kd5 Kd3 61. Kc5 Ne6+ 62. Kb4 Nxg5 63. Ka3 c3 0-1

[Event "VIII Open"]
[Site "Tarragona SPA"]
[Date "2007.08.21"]
[Round "4"]
[White "Delchev, A."]
[Black "Gladyszev, O."]
[Result "1/2-1/2"]
[WhiteElo "2591"]
[BlackElo "2480"]
[PlyCount "100"]
[EventDate "2007.08.18"]
[Source "www.chesslib.no"]
[SourceDate "2004.05.04"]

1. d4 Nf6 2. c4 g6 3. g3 Bg7 4. Bg2 O-O 5. Nf3 d6 6. O-O c6 7. Nc3 Nbd7 8. Qc2 Nb6 9. b3 d5 10. cxd5 Bf5 11. Qd2 Nbxd5 12. Bb2 Nxc3 13. Qxc3 Be4 14. Qe3 Qa5 15. Rfc1 Qh5 16. Rc5 Bd5 17. Nh4 Ng4 18. Qd3 b6 19. Rc2 Bxg2 20. Kxg2 c5 21. h3 Nh6 22. dxc5 Bxb2 23. Rxb2 Qxc5 24. Rc2 Qe5 25. Rac1 Rad8 26. Nf3 Qb8 27. Qe4 Nf5 28. Rc7 Rd6 29. Qb7 Qxb7 30. Rxb7 a5 31. g4 Nd4 32. Rxe7 Nxf3 33. Kxf3 a4 34. bxa4 Rd4 35. Re4 Rd2 36. a3 Ra2 37. Rc3 f5 38. gxf5 Rxf5+ 39. Ke3 Kf7 40. h4 Rc5 41. Rb3 Rc6 42. f3 Kf6 43. Kf4 h6 44. Kg3 g5 45. hxg5+ hxg5 46. Kf2 Rd6 47. Rbe3 Rc6 48. Rb3 Rd6 49. Reb4 Re6 50. Re4 Rd6 1/2-1/2

[Event "BUL Team Ch"]
[Site "Sofia BUL"]
[Date "1988.??.??"]
[Round "?"]
[White "Velikov, Petar V"]
[Black "Georgiev, Kiril D"]
[Result "0-1"]
[WhiteElo "2475"]
[BlackElo "2595"]
[PlyCount "70"]
[EventDate "1988.??.??"]
[Source "www.chesslib.no"]
[SourceDate "2004.05.04"]

1. Nf3 Nf6 2. c4 g6 3. g3 Bg7 4. Bg2 O-O 5. O-O d6 6. d4 Nbd7 7. Nc3 e5 8. b3 Re8 9. Bb2 e4 10. Ng5 e3 11. f4 h6 12. Nf3 Ng4 13. Qc1 Ndf6 14. Ne1 c6 15. Nd3 h5 16. Rf3 Qe7 17. h3 Nh6 18. Ne1 Bg4 19. hxg4 hxg4 20. Rf1 Nf5 21. Nc2 Nh5 22. Ne4 d5 23. cxd5 cxd5 24. Nxe3 Nfxg3 25. Nxd5 Nxe2+ 26. Kf2 Qxe4 27. Bxe4 Nxc1 28. Re1 Rxe4 29. Rxe4 Nd3+ 30. Ke3 Nxb2 31. Nc7 Rc8 32. Re8+ Rxe8+ 33. Nxe8 Bh6 34. Kd2 Kf8 35. Re1 Nxf4 0-1